| 000 -CABECERA |
| fixed length control field |
01191nam a22002177a 4500 |
| 003 - IDENTIFICADOR DEL NÚMERO DE CONTROL |
| control field |
AR-CdUCM |
| 008 - DATOS DE LONGITUD FIJA--INFORMACIÓN GENERAL |
| fixed length control field |
190402b ||||| |||| 00| 0 spa d |
| 040 ## - FUENTE DE LA CATALOGACIÓN |
| Agencia/entidad que catalogó originalmente la obra |
MUNICIPALIDAD PROVINCIAL DEL CUSCO |
| Entidad que transcribió la catalogación |
BIBLIOTECA MUNICIPAL DEL CUSCO |
| 082 ## - NÚMERO DE LA CLASIFICACIÓN DECIMAL DEWEY |
| No. de Clasificación |
343.8 / |
| Notacion interna |
V63 / 1947 |
| 100 ## - ENTRADA PRINCIPAL--NOMBRE DE PERSONA |
| Nombre Personal |
Vidal Cárdenas, Enrique |
| 245 ## - MENCIÓN DE TÍTULO |
| Título |
Legislación de impuestos a la renta / |
| 260 ## - PUBLICACIÓN, DISTRIBUCIÓN, ETC. |
| Lugar de publicación, distribución, etc. |
Lima : |
| Nombre de la editorial, distribuidor, etc. |
Imprenta gil, |
| Fecha de publicación, distribución, etc. |
1947. |
| 300 ## - DESCRIPCIÓN FÍSICA |
| Nº de Páginas Extensión |
600 paginas ; |
| Otros detalles físicos |
Cuadros, |
| Dimensiones |
25 cm. |
| 505 ## - NOTA DE CONTENIDO CON FORMATO |
| Nota de contenido formateada |
Contenido : Leyes ampliatorias o modificatorias de la N°7904 -- Reglamentación y jurisprudencia administrativa del impuesto sobre la renta del capital movible -- Reglamentación y jurisprudencia administrativa del impuesto a las utilidades industriales y comerciales -- Reglamentación y jurisprudencia administrativa del impuesto a las sobre utilidades -- Reglamentación y jurisprudencia administrativa del impuesto a las utilidades obtenidas en el ejercicio de las profesiones no comerciales... |
| 650 ## - PUNTO DE ACCESO ADICIONAL DE MATERIA--TÉRMINO DE MATERIA |
| Descriptor |
Impuesto a la renta |
| 9 (RLIN) |
8966 |
| 650 ## - PUNTO DE ACCESO ADICIONAL DE MATERIA--TÉRMINO DE MATERIA |
| Descriptor |
Impuesto patente |
| 9 (RLIN) |
28204 |
| 650 ## - PUNTO DE ACCESO ADICIONAL DE MATERIA--TÉRMINO DE MATERIA |
| Descriptor |
Utilidades industriales |
| 9 (RLIN) |
28205 |
| 650 ## - PUNTO DE ACCESO ADICIONAL DE MATERIA--TÉRMINO DE MATERIA |
| Descriptor |
Transferencia de inmuebles |
| 9 (RLIN) |
28206 |
| 942 ## - ELEMENTOS DE PUNTO DE ACCESO ADICIONAL (KOHA) |
| Fuente de clasificación |
|
| Tipo de item |
Libros-BMC |
| 945 ## - PROCESAMIENTO DE INFORMACIÓN LOCAL (OCLC) |
| Catalogador |
wnts |